000 00428pab a2200157 454500
008 180718b2006 xxu||||| |||| 00| 0 eng d
100 _aHester, Marianne
245 _aMaking in through the criminal justice system: attrition and domestic violence
260 _c2006
300 _ap.79-90.
362 _aJan
650 _aDomestic violence
650 _aCriminal law
773 _aSocial Policy and Society
909 _a73035
999 _c73035
_d73035